Global : (Record no. 16071)
[ view plain ]
| 000 -LEADER | |
|---|---|
| fixed length control field | 01760nam a22003975a 4500 |
| 003 - CONTROL NUMBER IDENTIFIER | |
| control field | EG-ScBUE |
| 005 - DATE AND TIME OF LATEST TRANSACTION | |
| control field | 20220530121405.0 |
| 006 - FIXED-LENGTH DATA ELEMENTS--ADDITIONAL MATERIAL CHARACTERISTICS--GENERAL INFORMATION | |
| fixed length control field | m||||fq||h| 00| 0 |
| 008 - FIXED-LENGTH DATA ELEMENTS--GENERAL INFORMATION | |
| fixed length control field | 110920s2011 enka g 000 0 eng d |
| 020 ## - INTERNATIONAL STANDARD BOOK NUMBER | |
| International Standard Book Number | 9780230033054 |
| 020 ## - INTERNATIONAL STANDARD BOOK NUMBER | |
| International Standard Book Number | 9780230033078 |
| 020 ## - INTERNATIONAL STANDARD BOOK NUMBER | |
| International Standard Book Number | 9780230033061 |
| 040 ## - CATALOGING SOURCE | |
| Original cataloging agency | EG-ScBUE |
| Language of cataloging | eng |
| Description conventions | rda |
| Transcribing agency | EG-ScBUE |
| Modifying agency | EG-ScBUE |
| 082 04 - DEWEY DECIMAL CLASSIFICATION NUMBER | |
| Classification number | 428.24 |
| Item number | CLA |
| Edition number | 22 |
| 100 1# - MAIN ENTRY--PERSONAL NAME | |
| Personal name | Clandfield, Lindsay, |
| Relator term | author. |
| 9 (RLIN) | 27030 |
| 245 10 - TITLE STATEMENT | |
| Title | Global : |
| Remainder of title | intermediate, |
| Name of part/section of a work | Teacher's book / |
| Statement of responsibility, etc | Lindsay Clanfield, Rebecca Robb Benne. |
| 246 34 - VARYING FORM OF TITLE | |
| Title proper/short title | Global : |
| Remainder of title | Intermediate : teacher's book : with teacher's resource disc |
| 246 30 - VARYING FORM OF TITLE | |
| Title proper/short title | Teacher's book |
| 264 #1 - PUBLICATION, DISTRIBUTION, ETC. (IMPRINT) | |
| Place of publication, distribution, etc | Oxford : |
| Name of publisher, distributor, etc | Macmillan Education, |
| Date of publication, distribution, etc | 2011. |
| 300 ## - PHYSICAL DESCRIPTION | |
| Extent | xxx, 144 pages : |
| Other physical details | illustrations (some color) ; |
| Dimensions | 30 cm + |
| Accompanying material | 1 DVD. |
| 336 ## - CONTENT TYPE | |
| Source | rdacontent |
| Content type term | text |
| Content type code | txt |
| 336 ## - CONTENT TYPE | |
| Source | rdacontent |
| Content type term | a two-dimensional moving image |
| Content type code | tdi |
| 337 ## - MEDIA TYPE | |
| Source | video |
| Media type term | unmediated |
| Media type code | n |
| 337 ## - MEDIA TYPE | |
| Source | rdacontent |
| Media type term | video |
| Media type code | v |
| 338 ## - CARRIER TYPE | |
| Source | rdacarrier |
| Carrier type term | volume |
| Carrier type code | nc |
| 338 ## - CARRIER TYPE | |
| Source | rdacarrier |
| Carrier type term | videodisc |
| Carrier type code | vd |
| 490 0# - SERIES STATEMENT | |
| Series statement | Common European framework ; |
| Volume number/sequential designation | B1 |
| 520 ## - SUMMARY, ETC. | |
| Summary, etc | The Teacher's Book pack contains materials for teaching the course including language notes, lesson plans, answer keys, ideas for adapting 'global' activities to local contexts and specialist essays. The Teacher's Resource CD includes review material and printable worksheets, while the Class Audio CDs contains all the listening material. |
| 590 ## - LOCAL NOTE (RLIN) | |
| Local note | mustafa galal. |
| 650 #7 - SUBJECT ADDED ENTRY--TOPICAL TERM | |
| Topical term or geographic name as entry element | English language |
| Form subdivision | Textbooks for foreign speakers. |
| Source of heading or term | BUEsh |
| 9 (RLIN) | 10201 |
| 650 #7 - SUBJECT ADDED ENTRY--TOPICAL TERM | |
| Topical term or geographic name as entry element | English language |
| General subdivision | Study and teaching. |
| Source of heading or term | BUEsh |
| 9 (RLIN) | 12671 |
| 653 ## - INDEX TERM--UNCONTROLLED | |
| Arrived date list | August2015 |
| Resource For college | Humanities: English |
| 655 ## - INDEX TERM--GENRE/FORM | |
| Form subdivision | Reading book |
| 9 (RLIN) | 34232 |
| 700 1# - ADDED ENTRY--PERSONAL NAME | |
| Personal name | Benne, Rebecca Robb, |
| Relator term | author. |
| 9 (RLIN) | 27029 |
| 942 ## - ADDED ENTRY ELEMENTS (KOHA) | |
| Source of classification or shelving scheme | Dewey Decimal Classification |
| Koha item type | Book - Borrowing |
| Withdrawn status | Lost status | Source of classification or shelving scheme | Damaged status | Not for loan | Collection code | Home library | Current library | Shelving location | Date acquired | Source of acquisition | Cost, normal purchase price | Total Checkouts | Total Renewals | Full call number | Barcode | Date last seen | Date checked out | Cost, replacement price | Price effective from | Koha item type | Materials specified (bound volume or other part) |
|---|---|---|---|---|---|---|---|---|---|---|---|---|---|---|---|---|---|---|---|---|---|
| Dewey Decimal Classification | Baccah | Central Library | Central Library | Second Floor | 20/09/2011 | Purchase | 180.00 | 2 | 2 | 428.24 CLA | 000024789 | 15/07/2025 | 13/11/2011 | 225.00 | 20/09/2011 | Book - Teacher Resource | |||||
| Dewey Decimal Classification | Baccah | Central Library | Central Library | Second Floor | 20/09/2011 | Purchase | 180.00 | 2 | 2 | 428.24 CLA | 000024790 | 24/08/2022 | 13/11/2011 | 225.00 | 20/09/2011 | CD | DVD - With Teacher Resource | |||||
| Dewey Decimal Classification | Baccah | Central Library | Central Library | Second Floor | 20/09/2011 | Purchase | 180.00 | 3 | 3 | 428.24 CLA | 000024791 | 15/07/2025 | 19/11/2014 | 225.00 | 20/09/2011 | Book - Teacher Resource | |||||
| Dewey Decimal Classification | Baccah | Central Library | Central Library | Second Floor | 20/09/2011 | Purchase | 180.00 | 1 | 428.24 CLA | 000024792 | 24/08/2022 | 22/09/2011 | 225.00 | 20/09/2011 | CD | DVD - With Teacher Resource | Lost In Inventory_2015-8-23 | |||||
| Dewey Decimal Classification | Baccah | Central Library | Central Library | Second Floor | 21/09/2011 | 180.00 | 3 | 5 | 428.24 CLA TR | 000024823 | 15/07/2025 | 13/01/2013 | 225.00 | 21/09/2011 | Book - Teacher Resource | ||||||
| Dewey Decimal Classification | Baccah | Central Library | Central Library | Second Floor | 21/09/2011 | 180.00 | 1 | 1 | 428.24 CLA TR | 000024824 | 24/08/2022 | 27/09/2011 | 225.00 | 21/09/2011 | CD | DVD - With Teacher Resource | ||||||
| Dewey Decimal Classification | Baccah | Central Library | Central Library | Second Floor | 21/09/2011 | 180.00 | 5 | 2 | 428.24 CLA TR | 000024825 | 15/07/2025 | 07/03/2012 | 225.00 | 21/09/2011 | Book - Teacher Resource | ||||||
| Dewey Decimal Classification | Baccah | Central Library | Central Library | Second Floor | 21/09/2011 | 180.00 | 2 | 2 | 428.24 CLA TR | 000024826 | 24/08/2022 | 08/02/2012 | 225.00 | 21/09/2011 | CD | DVD - With Teacher Resource | ||||||
| Dewey Decimal Classification | Baccah | Central Library | Central Library | Second Floor | 21/09/2011 | 180.00 | 2 | 2 | 428.24 CLA TR | 000024828 | 24/08/2022 | 23/02/2012 | 225.00 | 21/09/2011 | CD | DVD - With Teacher Resource | ||||||
| Dewey Decimal Classification | Baccah | Central Library | Central Library | Second Floor | 21/09/2011 | 180.00 | 428.24 CLA TR | 000024827 | 15/07/2025 | 225.00 | 21/09/2011 | Book - Teacher Resource | |||||||||
| Dewey Decimal Classification | Baccah | Central Library | Central Library | Second Floor | 21/09/2011 | 180.00 | 2 | 4 | 428.24 CLA TR | 000024829 | 15/07/2025 | 27/02/2012 | 225.00 | 21/09/2011 | Book - Teacher Resource | ||||||
| Dewey Decimal Classification | Baccah | Central Library | Central Library | Second Floor | 21/09/2011 | 180.00 | 3 | 2 | 428.24 CLA TR | 000024830 | 24/08/2022 | 13/01/2013 | 225.00 | 21/09/2011 | CD | DVD - With Teacher Resource | ||||||
| Dewey Decimal Classification | Baccah | Central Library | Central Library | Second Floor | 02/04/2012 | 180.00 | 2 | 2 | 428.24 CLA TR | 000026570 | 15/07/2025 | 18/01/2015 | 225.00 | 02/04/2012 | Book - Teacher Resource | ||||||
| Dewey Decimal Classification | Baccah | Central Library | Central Library | Second Floor | 23/12/2019 | Purchase | 428.24 CLA | 000048402 | 15/07/2025 | 23/12/2019 | Book - Teacher Resource |